000 00590nam a2200229Ia 4500
003 OSt
005 20221005124142.0
006 a|||||r|||| 00| 0
007 ta
008 221004b |||||||| |||| 00| 0 urd d
024 _a12605
037 _cTextual
040 _aCRL
_cCRL
_burd
041 _2urd
_aurd
082 _aO168,1L38w, J6
100 _aFarooqi Mehmmod
_9634770
245 0 _aMeer Hasan aur khandan ke doosre shora
260 _c1956
650 _aURDU POETRY
942 _hO168,1L38w, J6
_cTEXL
_2cc
999 _c1049603
_d1049603